| 000 | 00691nam a22002177a 4500 | ||
|---|---|---|---|
| 999 |
_c12451 _d12451 |
||
| 003 | AR-CdUCM | ||
| 008 | 190408b ||||| |||| 00| 0 spa d | ||
| 040 |
_aMUNICIPALIDAD PROVINCIAL DEL CUSCO _cBIBLIOTECA MUNICIPAL DEL CUSCO |
||
| 082 |
_a918.503 / _bS85 / 1922 |
||
| 100 |
_aStiglich, Germán _930302 |
||
| 245 | _aDiccionario geográfico del Perú / | ||
| 260 |
_aLima : _bSociedad Geográfica de Lima, _c2013. |
||
| 300 |
_a1193 paginas ; _c30 cm. |
||
| 505 | _aContenido :Diccionario / | ||
| 650 |
_aGeografía _9318 |
||
| 650 |
_aDiccionarios _95105 |
||
| 650 |
_aPerú _935 |
||
| 700 |
_aSociedad Geográfica de Lima _930303 |
||
| 942 |
_2ddc _cLIBROS |
||
| 945 |
_arjall _d2019-04-08 |
||